000 00460nam a2200181Ia 4500
001 15218
005 20260306165011.0
008 260306t2009||||xx |||||||||||||| ||spa||
041 _aESP
082 _a530.12
_bG23
100 _aGarcía González, Pablo
_eAUT
245 0 _aIntroducción al formalismo de la mecánica cuántica
260 _c2009
300 _avi, 328 páginas :
_c24 cm.
650 _aGEN
654 _aCCN
942 _cLIB
_dJUS
_fJUS
_2ddc
_n
999 _c15218
_d15218